Statystyki dla Państwa, które ogłosiły żałobę w związku z katastrofą Smoleńską.

Kliknij tutaj aby rozwiązać quiz!

Ogólne statystyki

  • Ten quiz został rozwiązany 49 razy
  • Średni wynik to 16 z 24

Statystyki odpowiedzi

DługośćPaństwo% Poprawnych
9 dniPolska
95%
1 dzieńRosja
95%
2 dniCzechy
93%
w zależności
od regionu
Niemcy
93%
1 dzieńSłowacja
93%
4 dniLitwa
91%
2 dniŁotwa
91%
1 dzieńUkraina
91%
1 dzieńEstonia
86%
1 dzieńWęgry
82%
1 dzieńRumunia
73%
1 dzieńChorwacja
68%
1 dzieńHiszpania
68%
1 dzieńBułgaria
66%
1 dzieńMołdawia
64%
1 dzieńSerbia
61%
1 dzieńTurcja
61%
1 dzieńGruzja
59%
1 dzieńKanada
59%
3 dniBrazylia
55%
1 dzieńMacedonia Północna
48%
1 dzieńCzarnogóra
45%
2 dniMalediwy
0%
1 dzieńRepublika Zielonego Przylądka
0%

Rozkład punktacji

Percentyl według liczby udzielonych odpowiedzi

Procent ludzi z każdym wynikiem

Twoja historia wyników

Nie rozwiązałeś tego quizu